| 000 | 00757nam a2200241 i 4500 | ||
|---|---|---|---|
| 001 | 88750 | ||
| 003 | ES-MaACL | ||
| 005 | 20230906175924.0 | ||
| 007 | t| | ||
| 008 | 041203s1992 fr ||||1| fre d | ||
| 020 | _a2-13-044157-2 | ||
| 080 | _a930.85(32) | ||
| 100 | 1 |
_aVercoutter, Jean. _9113997 |
|
| 245 | 1 | 2 |
_aL'Egypte et la vallée du Nil. _n, . Tome I, _pDes origines áa la fin de l'Ancien Empire : 12000-2000 av. J.-C. / _cJean Vercoutter. |
| 250 | _a1ª ed. | ||
| 260 |
_aParis : _bPresses Universitaires de France, _c1992. |
||
| 300 |
_aLI, 382 p. : _bil. ; _c22 cm. |
||
| 490 | 1 | _aNouvelle clio | |
| 651 | 4 |
_aEgipto- _xCivilización. _98138 |
|
| 830 | 0 |
_aNouvelle clio _9231840 |
|
| 852 |
_aES-MaACL _jE-10585 |
||
| 999 |
_c88750 _d88750 |
||